00370nam a2200145Ia 450000500170000000800410001702000150005808200130007324500410008626000350012730000150016265000110017765000140018870000220020220240607054547.0240331s9999 xx 000 0 und d a2825411698 bWOMa362 0aWomen violence and nonviolent change aGenevabWCC Publicationsc1996 axi,146 p., aWomen  aViolence  aGnanadason, A. ed